| 000 | 00433nam a2200145Ia 4500 | ||
|---|---|---|---|
| 005 | 20250522003747.0 | ||
| 008 | 240331s9999 xx 000 0 und d | ||
| 082 |
_a301 _bCAR |
||
| 100 | _aCarlose, | ||
| 245 | 0 |
_aAmaippiyalvaathamum Tamil iIlakkiyamum : _bessays on structuralism and Tamil literature |
|
| 260 |
_aBangalore _bKAAVYA _c1991 |
||
| 300 | _a151 p ., | ||
| 500 | _aessays on structuralism and Tamil literature | ||
| 942 | _cL | ||
| 999 |
_c1041 _d1041 |
||